000 01783nam1a22002651i 4500
001 rc\2461405
005 20260407114509.0
035 _a(NLR Aleph) 006721227
090 _a5445513
_c5445513
100 _a20110830g1973 |||y0rusy50 ca
101 0 _arus
102 _aRU
105 _ay z |||||
200 1 _aАналитический обзор основных технико-экономических показателей мебельного производства...
_fВсесоюз. науч.-исслед. и проектный ин-т экономики, организации управления производством и информации по лесной, целлюлозно-бум. и деревообрабатывающей пром-сти
210 _aМосква
_cБ. и.
_d1973-
215 _d21
300 _aЗагл. части вып.: Анализ основных технико-экономических показателей мебельного производства...
333 _aДля служебного пользования
517 0 _aАнализ основных технико-экономических показателей мебельного производства
712 0 2 _aВсесоюзный научно-исследовательский и проектный институт экономики, организации управления производством и информации по лесной, целлюлозно-бумажной и деревообрабатывающей промышленности
_9389692
_3RU\NLR\AUTH\889947037
801 0 _aRU
_bNLR
_gpsbo
801 1 _aRU
_bELAR
_2rusmarc
852 _aNLR
_jDesideratum
899 _aRuMoRGB
_j22 1660/
942 _cBOOK